| 000 | 00656nac a22001811u 4500 | ||
|---|---|---|---|
| 020 | _a8175440015 | ||
| 082 |
_a620.3 _bR1801 |
||
| 090 |
_c3181 _d3181 |
||
| 100 | _aRao ,Kameswara. | ||
| 245 |
_aVibration Analysis And Foundation Dynamics / _bKameswara Rao. |
||
| 260 |
_aNew Delhi ,Allah Abad :1998. _bWheeler Publishing, _cc.1998. |
||
| 300 |
_a651p.: _bill; _c25cm |
||
| 504 | _aIncludes Index. | ||
| 650 | _aVibration. | ||
| 700 | _aRao ,Kameswara. | ||
| 942 |
_cBB _k620.3R1801 |
||
| 999 |
_c3181 _d3181 |
||